00460cam a2200157 a 4500020001800000082001100018100002500029245004300054250001200097260006400109300002100173650000800194650004000202650000300242856005700245 a9780521132077 a349.421 aHarris, Phil,d1949-13aAn introduction to law /cPhil Harris. a8th ed. aCambridge ;aNew York :bCambridge University Press,cc2016 a494 p. ;c23 cm. 0aLaw 0aNLS2024, NLSTEXTBOOKS, NLSEBOOKBANK 0 uhttp://10.250.8.41:8080/xmlui/handle/123456789/47911